EDUCATIONAL PSYCHOLOGY (Record no. 10606)

MARC details
000 -LEADER
fixed length control field 00302nam a22001457a 4500
003 - CONTROL NUMBER IDENTIFIER
control field SGT
082 ## - DEWEY DECIMAL CLASSIFICATION NUMBER
Classification number 150
Item number 314W
100 ## - MAIN ENTRY--PERSONAL NAME
Personal name WOOLFOLK, ANITA
245 ## - TITLE STATEMENT
Title EDUCATIONAL PSYCHOLOGY
250 ## - EDITION STATEMENT
Edition statement 12TH
260 ## - PUBLICATION, DISTRIBUTION, ETC. (IMPRINT)
Place of publication, distribution, etc DELHI
Name of publisher, distributor, etc PEARSON
Year of Publication 2014
300 ## - PAGE DESCRIPTION
No. of Pages 691
650 ## - SUBJECT ADDED ENTRY--TOPICAL TERM
Topical term or geographic name as entry element PSYCHOLOGY
942 ## - ADDED ENTRY ELEMENTS (KOHA)
Source of classification or shelving scheme Dewey Decimal Classification
Koha item type Books
Holdings
Withdrawn status Lost status Source of classification or shelving scheme Damaged status Not for loan Collection code Home library Current library Shelving location Date acquired Vendor Name Cost, normal purchase price SGTU Bill Number Total Checkouts Full call number Accession No. (Barcode) Date last seen Bill Date Koha item type
    Dewey Decimal Classification     MEDICAL SGT Medical Library SGT Medical Library Reference Book 25/01/2017 ABC 769.00 SGTU 7043   150 314W FM7951 25/01/2017 09/07/2016 Books